History of the Christian church; Vol. 2. (Record no. 2693)

000 -LEADER
fixed length control field 00564nam a2200181 a 4500
001 - CONTROL NUMBER
control field :::00000418$&:&@@
003 - CONTROL NUMBER IDENTIFIER
control field OkBaRHE
005 - DATE AND TIME OF LATEST TRANSACTION
control field 20000828124109.0
008 - FIXED-LENGTH DATA ELEMENTS--GENERAL INFORMATION
fixed length control field s1894 j 000 0 eng u
040 ## - CATALOGING SOURCE
Transcribing agency
100 1# - MAIN ENTRY--PERSONAL NAME
Personal name Sheldon, Henry Clay, 1845-1928.
245 10 - TITLE STATEMENT
Title History of the Christian church; Vol. 2.
260 ## - PUBLICATION, DISTRIBUTION, ETC. (IMPRINT)
Place of publication, distribution, etc New York, NY., :
Name of publisher, distributor, etc Thomas Y. Crowell and Co.
Date of publication, distribution, etc c1894
300 ## - PHYSICAL DESCRIPTION
Extent vol. 2;
Dimensions 22 cm.
650 ## - SUBJECT ADDED ENTRY--TOPICAL TERM
Topical term or geographic name as entry element Church History
942 ## - ADDED ENTRY ELEMENTS (KOHA)
Source of classification or shelving scheme
Koha item type Books
Copies
Withdrawn status Barcode Lost status Full call number Copy number Permanent Location Damaged status Not for loan Koha item type Price effective from Source of classification or shelving scheme Shelving location Date acquired Date last seen
 418 BR 145 .S651RHEMA Bible Training College  Books2010-04-14 General Stacks2010-04-142010-04-14